000 00931nam a22002417a 4500
008 240605b mp ||||| |||| 00| 0 mon d
020 _a978-99962-62-09-8
035 _a8726
040 _aDA0445040
_bmon
_cMN-UlNLM
_dMN-UlNLM
_erda
041 _amon
042 _a26178
084 _221
_a894.233
_bБ.109
100 _aБаасансүрэн Т.
245 0 _aШиврэн шиврэн орсон зүсэр бороо
264 _aУлаанбаатар
_bЗасгийн газрын ХҮ
_c2011
300 _a297 х.
336 _2rdacontent
_atext
_btxt
337 _2rdamedia
_aunmediated
_bn
338 _2rdacarrier
_avolume
_bnc
490 _v2
650 _aӨгүүллэг, Учрал, Үнэний төлөө, Хос цэнхэр цэцэг, Нялхаараа, Коммунист, Төрсөн өдрийн бэлэг, Нөхрийн яриа, Өвгөн улиангар юун тух...
942 _210-t
_cBK
999 _c744947
_d745004